000 00832cam a22002537a 4500
003 CHAP
005 20220329133924.0
008 971013s r 00010 eng d
010 _a12725
011 _a13697
035 _a17769
040 _cCHAP
100 0 0 _aGlinski, Zdzistaw.
_948289
245 1 4 _aThe behavior of morphotic elements and hemolymph proteins of honeybee (Apis mellifera L.) in the process of infections with Nosema apis Z.
500 _aSobretiro de : Medycyna Weterynaryjna 25(2): 72-76, 1969
590 _aBATCH-UPD
_b10
_c20130110
_lUCH01
_h2006
590 _aCONVERSION
_b10
_c20130109
_lUCH01
_h1308
650 1 4 _aAbejas
_xEnfermedades.
_9186
650 1 4 _aNosema apis.
_981850
901 _aBK
942 _cFOLL
949 _bBC
_cR
_d-41683
_eTS1
_i17769
_si
949 _bBC
_cR
_d-41684
_eTS2
_fc.2
_i17769
_si
999 _c12725
_d12725